000 00476nam a2200205Ia 4500
003 0100
008 130303s9999 xx 000 0 und d
040 _cARRUPELIB
050 _aJC501.H813
100 _aHumboldt, Wilhelm von
245 4 _aThe limits of the state action
260 _aIndianapolis
260 _bLiberty Fund
260 _C1993
300 _a161p.
300 _b 23 cm
650 _bMetaphysics
700 _aBurrow, J.W. (ed.)
942 _2lcc
_01
999 _c66754
_d66754